| 000 | 00704cai a22001935a 4500 | ||
|---|---|---|---|
| 001 | L156651 | ||
| 008 | 120618u2012 xxk f 000 0 eng d | ||
| 035 | _a(Sirsi) u156651 | ||
| 041 | 0 | _aeng | |
| 110 | 2 | _aThe Construction Index | |
| 245 | 0 | 4 |
_aThe construction index _bthe construction search engine _h[electronic resource] |
| 260 |
_a[S.l.] _bThe Construction Index _c2012 |
||
| 520 | _aA source of construction news updates, contract leads, market data, and newsletters for the UK. | ||
| 590 | _aKA | ||
| 651 | 4 |
_aUnited Kingdom _y |
|
| 690 |
_aConstruction management _96230 |
||
| 856 | 4 | 0 |
_uhttps://www.theconstructionindex.co.uk/ _zView the website at www.theconstructionindex.co.uk |
| 942 | _n0 | ||
| 999 |
_c120986 _d120986 |
||